[Event "Staatsliga B - Ost 2002/03"]
[Site "Stockerau, Alte Au - Blaolilheim"]
[Date "2003.03.08"]
[Round "10"]
[Board "4"]
[White "Holzer, Gerhard"]
[Black "Wallner, Alfred"]
[Result "1/2-1/2"]
[WhiteElo "2236"]
[BlackElo "2242"]
[PlyCount "47"]

1.e4 c5 2.Nf3 d6 3.d4 cxd4 4.Nxd4 Nf6 5.Nc3 a6 6.Be2 e6 7.O-O Be7 8.Kh1 O-O 9.f4
Qc7 10.Qe1 Nc6 11.Be3 Nxd4 12.Bxd4 b5 13.e5 Ne8 14.a4 b4 15.Na2 dxe5 16.Bf3 Rb8
17.Bxe5 Bd6 18.Bxd6 Qxd6 19.Rd1 Qb6 20.Nc1 Nd6 21.b3 Nf5 22.Rd2 Bb7 23.Bxb7 Rxb7
24.Rd3

[Event "Staatsliga B - Ost 2002/03"]
[Site "Stockerau, Alte Au - Blaolilheim"]
[Date "2003.03.08"]
[Round "10"]
[Board "6"]
[White "Seidl, Reinhard"]
[Black "Zsifkovits, Robert"]
[Result "0-1"]
[WhiteElo "2039"]
[BlackElo "2109"]
[PlyCount "162"]

1.e4 d5 2.exd5 Nf6 3.d4 Nxd5 4.Nf3 Bg4 5.Be2 e6 6.O-O Nc6 7.c4 Nb6 8.Be3 Be7
9.Nbd2 O-O 10.Rc1 f5 11.Nb3 f4 12.Bd2 Bxf3 13.Bxf3 Nxd4 14.Nxd4 Qxd4 15.Qe2 Qd7
16.Rfd1 Qc8 17.Bg4 Kh8 18.Bc3 Bf6 19.Bxe6 Qe8 20.Re1 Qg6 21.Qg4 Qxg4 22.Bxg4
Bxc3 23.Rxc3 Rfe8 24.Rxe8+ Rxe8 25.Kf1 g6 26.b3 Kg7 27.Rc2 Re7 28.Rd2 h5 29.Bf3
c6 30.Rd4 Rf7 31.Be4 Nd7 32.f3 Nc5 33.Bc2 Rd7 34.Rxd7+ Nxd7 35.Ke2 Ne5 36.g3 g5
37.gxf4 gxf4 38.h4 c5 39.a3 a5 40.a4 Kf6 41.Be4 b6 42.Kd2 Ke6 43.Kc3 Nd7 44.Bb7
Ke5 45.Be4 Nf8 46.Bc2 Kf6 47.Be4 Ne6 48.Bb7 Nd4 49.Be4 Ne2+ 50.Kd2 Ng3 51.Bh7
Kf7 52.Kd3 Ke6 53.Bg6 Ke5 54.Bh7 Kf6 55.Kd2 Nf1+ 56.Kd3 Ne3 57.Ke4 Ng2 58.Bg8
Nxh4 59.Kxf4 Ng6+ 60.Kg3 Kg5 61.Bh7 h4+ 62.Kh2 Ne5 63.Be4 Kf4 64.Kg2 h3+ 65.Kxh3
Nxf3 66.Bc6 Nd4 67.Bb5 Nxb3 68.Kg2 Ke3 69.Kf1 Nd4 70.Ba6 Kd3 71.Ke1 Kc3 72.Kd1
Kb3 73.Kd2 Kb4 74.Kd3 Kxa4 75.Kc3 Ka3 76.Bb7 a4 77.Be4 Ne2+ 78.Kc2 Kb4 79.Bd3
Nd4+ 80.Kb2 Nc6 81.Bf1 Ne5

[Event "Staatsliga B - Ost 2002/03"]
[Site "Stockerau, Alte Au - Blaolilheim"]
[Date "2003.03.08"]
[Round "10"]
[Board "2"]
[White "Groetz, Harald"]
[Black "Miniboeck, Guenter"]
[Result "1-0"]
[WhiteElo "2322"]
[BlackElo "2335"]
[PlyCount "133"]

1.e4 c5 2.Nf3 d6 3.d4 cxd4 4.Nxd4 Nf6 5.Nc3 a6 6.Bc4 e6 7.O-O b5 8.Bb3 Be7 9.Qf3
Qb6 10.Bg5 O-O 11.Rad1 Nbd7 12.Rfe1 Bb7 13.Qg3 Nc5 14.Bh6 Ne8 15.Re3 Bf6 16.Nde2
b4 17.Na4 Qa5 18.Nxc5 Qxc5 19.Bf4 Bxb2 20.c3 bxc3 21.Nxc3 Qh5 22.Bg5 Kh8 23.Be7
Rg8 24.Qf4 Qe5 25.Bxd6 Qxf4 26.Bxf4 Bxc3 27.Rxc3 Bxe4 28.Rd7 Bg6 29.Be5 Nf6
30.Bxf6 gxf6 31.Rf3 f5 32.g3 Rgc8 33.h4 a5 34.Rf4 Rc6 35.Rfd4 Kg7 36.Bd1 Rc1
37.Kg2 h6 38.h5 Bh7 39.Bb3 Kf6 40.Rb7 Re8 41.Rdd7 Bg8 42.f4 Ra8 43.Rd4 Rc5
44.Kf2 Rac8 45.Rdd7 Ra8 46.Re7 Rf8 47.Ra7 Rc3 48.Red7 Rc5 49.Ke3 Rfc8 50.Kd2 Rc3
51.Rd3 R3c5 52.Ke2 R8c7 53.Ra8 Rc8 54.Rd8 Rxd8 55.Rxd8 Bh7 56.Kd2 Kg7 57.Ra8 Kf6
58.Kd3 Rc1 59.Rxa5 Rg1 60.Rb5 Rxg3+ 61.Ke2 Rh3 62.a4 Rxh5 63.a5 Rh1 64.Rb4 Rc1
65.a6 Rc8 66.a7 Ra8 67.Ra4

[Event "Staatsliga B - Ost 2002/03"]
[Site "Stockerau, Alte Au - Blaolilheim"]
[Date "2003.03.08"]
[Round "10"]
[Board "3"]
[White "Brandner, Stefan"]
[Black "Hangweyrer, Manfred"]
[Result "1-0"]
[WhiteElo "2300"]
[BlackElo "2315"]
[PlyCount "35"]

1.e4 c5 2.Nf3 Nc6 3.d4 cxd4 4.Nxd4 Nf6 5.Nc3 d6 6.Bg5 Bd7 7.Be2 Qa5 8.Bxf6 gxf6
9.O-O Rc8 10.Nb3 Qb6 11.Kh1 e6 12.f4 Be7 13.a4 a6 14.a5 Qc7 15.Rf3 O-O 16.Rh3 d5
17.exd5 Nb4 18.Bb5

[Event "Staatsliga B - Ost 2002/03"]
[Site "Stockerau, Alte Au - Blaolilheim"]
[Date "2003.03.08"]
[Round "10"]
[Board "4"]
[White "Stanivukovic, Drago"]
[Black "Rudolf, Herbert"]
[Result "0-1"]
[WhiteElo "2196"]
[BlackElo "2228"]
[PlyCount "70"]

1.e4 c5 2.Nf3 Nc6 3.d4 cxd4 4.Nxd4 g6 5.Nxc6 bxc6 6.Qd4 Nf6 7.e5 Nd5 8.e6 Nf6
9.exf7+ Kxf7 10.Bd3 Bg7 11.O-O Rf8 12.Nc3 Kg8 13.Qh4 Rb8 14.Bh6 Rxb2 15.Bc4+ d5
16.Bb3 Bxh6 17.Qxh6 Ba6 18.Rfe1 Ng4 19.Qh4 Nxf2 20.Rxe7 h5 21.Qg5 Qd6 22.Nxd5
Rxb3 23.axb3 cxd5 24.Rae1 Ne4 25.R7xe4 dxe4 26.Qe3 Qb6 27.Qxb6 axb6 28.g4 Rf4
29.gxh5 gxh5 30.Kg2 h4 31.c4 Bb7 32.Kg1 Rf3 33.Rd1 Rd3 34.Rb1 e3 35.Kf1 Bf3

[Event "Staatsliga B - Ost 2002/03"]
[Site "Stockerau, Alte Au - Blaolilheim"]
[Date "2003.03.08"]
[Round "10"]
[Board "5"]
[White "Herndlbauer, Martin"]
[Black "Batyte, Daiva"]
[Result "1-0"]
[WhiteElo "2162"]
[BlackElo "2166"]
[PlyCount "91"]

1.e4 e6 2.d3 c5 3.Nf3 Nc6 4.g3 d5 5.Nbd2 Nge7 6.Bg2 Ng6 7.O-O Be7 8.Re1 O-O 9.h4
d4 10.a4 Nge5 11.Nxe5 Nxe5 12.f4 Nc6 13.Nc4 Qc7 14.Qe2 Bd7 15.Rf1 Rae8 16.Bd2 b6
17.h5 f5 18.b3 a6 19.a5 b5 20.Nb6 Bd8 21.Qf2 Ne7 22.b4 Bc8 23.bxc5 Qxc5 24.Nxc8
Nxc8 25.c3 fxe4 26.Bxe4 Bf6 27.Kg2 Nd6 28.Rac1 Nxe4 29.dxe4 Qxh5 30.cxd4 e5
31.Bb4 Rf7 32.fxe5 Qg6 33.Qf5 Qxf5 34.exf5 Bg5 35.Rc6 Rd7 36.Bc5 Be3 37.Rd1 h5
38.Kf3 Bg5 39.Rxa6 Rxe5 40.Ra8+ Kf7 41.dxe5 Rxd1 42.a6 Rd3+ 43.Ke4 Rxg3 44.a7
Rg4+ 45.Kd5 Ra4 46.Rb8

[Event "Staatsliga B - Ost 2002/03"]
[Site "Stockerau, Alte Au - Blaolilheim"]
[Date "2003.03.08"]
[Round "10"]
[Board "6"]
[White "Schirmbeck, Hannes"]
[Black "Bandy, Attila"]
[Result "1/2-1/2"]
[WhiteElo "2144"]
[BlackElo "2208"]
[PlyCount "178"]

1.e4 d5 2.exd5 Qxd5 3.Nc3 Qa5 4.d4 c6 5.Bc4 Nf6 6.Nf3 Bg4 7.h3 Bxf3 8.Qxf3 e6
9.O-O Nbd7 10.Bf4 Be7 11.Rfe1 O-O 12.Rad1 Bb4 13.Re3 Nb6 14.Re5 Nbd5 15.Ne4 Qd8
16.Bg5 Be7 17.Qb3 Nxe4 18.Bxe7 Qxe7 19.Rxe4 Rfd8 20.c3 b6 21.Rde1 Qc7 22.a4 g6
23.Be2 c5 24.Bf3 Rac8 25.dxc5 bxc5 26.Re5 Nf4 27.R5e3 Rd2 28.Rd1 c4 29.Qa2 Rcd8
30.Rxd2 Rxd2 31.Re4 Nd3 32.Qxc4 Qxc4 33.Rxc4 Nxb2 34.Rc8+ Kg7 35.Bc6 Rc2 36.Be8
a6 37.Rc7 Kf8 38.Bxf7 Nxa4 39.Bxe6 Rxc3 40.Rf7+ Ke8 41.Rxh7 Nc5 42.Bf7+ Ke7
43.Bxg6+ Kf6 44.Be8 a5 45.Ra7 a4 46.Rxa4 Nxa4 47.Bxa4 Ra3 48.Bc6 Rc3 49.Bf3 Kg5
50.Kh2 Rb3 51.Bg4 Rc3 52.g3 Rc4 53.Bf3 Rc2 54.Kg2 Rb2 55.h4+ Kf5 56.Bc6 Kg4
57.Bd7+ Kh5 58.Kf3 Rb8 59.Bg4+ Kg6 60.Be6 Kf6 61.Bh3 Ke5 62.Kg4 Rg8+ 63.Kh5 Kf6
64.Bf1 Rd8 65.Kg4 Rd1 66.Bh3 Rb1 67.f4 Rb3 68.h5 Rd3 69.Bg2 Rb3 70.Be4 Rb4
71.Bf5 Rb8 72.Bg6 Rb3 73.f5 Rb4+ 74.Kh3 Kg5 75.Bf7 Kxf5 76.Kg2 Kg5 77.Kf3 Rb7
78.Bg6 Rb3+ 79.Kg2 Rb6 80.Kh3 Rd6 81.g4 Rb6 82.Bf5 Kf4 83.Bd7 Kg5 84.Kg3 Rb3+
85.Kf2 Ra3 86.Ke2 Ra7 87.Bf5 Ra3 88.Kd2 Ra5 89.Be6 Ra3

[Event "Staatsliga B - Ost 2002/03"]
[Site "Stockerau, Alte Au - Blaolilheim"]
[Date "2003.03.08"]
[Round "10"]
[Board "1"]
[White "Danner, Georg"]
[Black "Tibensky, Robert"]
[Result "1/2-1/2"]
[WhiteElo "2377"]
[BlackElo "2446"]
[PlyCount "168"]

1.d4 Nf6 2.c4 c5 3.d5 b5 4.cxb5 a6 5.bxa6 g6 6.Nc3 Bxa6 7.e4 Bxf1 8.Kxf1 d6
9.Nf3 Bg7 10.g3 O-O 11.Kg2 Nbd7 12.Re1 Ra7 13.Re2 Qa8 14.Bg5 Rb8 15.Rc1 h6
16.Bxf6 Bxf6 17.Rcc2 Rb4 18.Qd3 Kg7 19.h4 h5 20.Qe3 Qb8 21.b3 Qa8 22.Qd3 Ra5
23.Nd1 Ne5 24.Nxe5 Bxe5 25.Qf3 Rd4 26.Ne3 Ra7 27.g4 hxg4 28.Nxg4 Bf6 29.h5 Bg5
30.Qg3 Qc8 31.f4 Bf6 32.hxg6 fxg6 33.Kf3 Qa6 34.Kg2 Qc8 35.Qh3 Qg8 36.Re3 Rd1
37.Kf3 Bd4 38.Ree2 Ra8 39.Qh6+ Kf7 40.Rh2 Ke8 41.Rh1 Rd3+ 42.Kg2 Kd7 43.Qh7 Qxh7
44.Rxh7 Rf8 45.Nf2 Re3 46.Rh4 Re1 47.Rg4 Bxf2 48.Kxf2 Rxe4 49.Rc4 Rxc4 50.bxc4
g5 51.Ke3 gxf4+ 52.Rxf4 Ra8 53.Kd3 Rxa2 54.Re4 Rh2 55.Re3 Rh7 56.Kc3 Rh5 57.Rg3
Ke8 58.Rf3 Rh6 59.Rg3 Kf7 60.Rf3+ Rf6 61.Rh3 Rf4 62.Rh6 Rf3+ 63.Kd2 Rg3 64.Re6
Rg6 65.Re1 Rf6 66.Kd3 Rf3+ 67.Kd2 Rf6 68.Kd3 Ke8 69.Re3 Kd7 70.Re1 e6 71.dxe6+
Rxe6 72.Rh1 Rg6 73.Rh3 Kc6 74.Kc3 Kb6 75.Rd3 Ka5 76.Kb3 Rh6 77.Ka3 Rh4 78.Kb3 d5
79.Rxd5 Rh3+ 80.Kc2 Kb4 81.Rg5 Kxc4 82.Rg4+ Kb5 83.Rf4 c4 84.Rf8 Rh2+

[Event "Staatsliga B - Ost 2002/03"]
[Site "Stockerau, Alte Au - Blaolilheim"]
[Date "2003.03.08"]
[Round "10"]
[Board "3"]
[White "Brod, Manfred"]
[Black "Wallner, Joachim"]
[Result "1-0"]
[WhiteElo "2237"]
[BlackElo "2297"]
[PlyCount "55"]

1.e4 c5 2.Nf3 e6 3.d4 cxd4 4.Nxd4 a6 5.Bd3 Nf6 6.O-O d6 7.a4 b6 8.Nc3 Bb7 9.Kh1
Nbd7 10.f4 Qc7 11.Qe1 Be7 12.Qg3 g6 13.Bd2 O-O 14.f5 e5 15.Nf3 Rfe8 16.Ng5 Bf8
17.fxg6 hxg6 18.b3 Bg7 19.Nxf7 Kxf7 20.Bc4+ Ke7 21.Qxg6 Bh8 22.Bg5 Rf8 23.Rf3
Qc5 24.Bd5 Rab8 25.Bxb7 Rg8 26.Qh7+ Rg7 27.Nd5+ Qxd5 28.Qxg7+

[Event "Staatsliga B - Ost 2002/03"]
[Site "Stockerau, Alte Au - Blaolilheim"]
[Date "2003.03.08"]
[Round "10"]
[Board "4"]
[White "Fusi, Christoph"]
[Black "Salamon, Werner"]
[Result "0-1"]
[WhiteElo "2297"]
[BlackElo "2187"]
[PlyCount "78"]

1.e4 e5 2.Nf3 Nc6 3.Bb5 a6 4.Bxc6 dxc6 5.O-O f6 6.d4 exd4 7.Nxd4 c5 8.Nb3 Qxd1
9.Rxd1 Bg4 10.f3 Be6 11.Be3 b6 12.Nc3 Bd6 13.a4 Kf7 14.Nd5 Ne7 15.Nxb6 Rab8
16.Nd5 c4 17.Na5 Rxb2 18.Bd4 c3 19.Nc4 Bxd5 20.exd5 Rxc2 21.Ne3 Rd2 22.Bxc3
Rxd1+ 23.Rxd1 Rb8 24.Nc4 Rb3 25.Ba5 Nf5 26.Nxd6+ cxd6 27.Rc1 Ra3 28.Rc7+ Kg6
29.g4 Nd4 30.f4 Ne2+ 31.Kf2 Nxf4 32.h4 h6 33.Bd2 Ra2 34.Kf3 Nxd5 35.h5+ Kh7
36.Rd7 Rxd2 37.Rxd6 a5 38.Ra6 Ra2 39.Rxa5 Nc3

[Event "Staatsliga B - Ost 2002/03"]
[Site "Stockerau, Alte Au - Blaolilheim"]
[Date "2003.03.08"]
[Round "10"]
[Board "5"]
[White "Savio, Alfred"]
[Black "Zetthofer, Gerald"]
[Result "0-1"]
[WhiteElo "2066"]
[BlackElo "2258"]
[PlyCount "82"]

1.Nc3 d5 2.e4 e6 3.Nf3 Nf6 4.exd5 exd5 5.d4 Bg4 6.Be2 Bd6 7.Bg5 c6 8.O-O O-O
9.h3 Bxf3 10.Bxf3 Nbd7 11.Qd3 Qc7 12.Rfe1 Rfe8 13.Re3 Rxe3 14.fxe3 h6 15.Bxf6
Nxf6 16.e4 dxe4 17.Nxe4 Nxe4 18.Bxe4 Re8 19.Rf1 Qe7 20.Re1 g6 21.Qf3 Kh8 22.Re2
Qg5 23.Rf2 f5 24.Bd3 Qc1+ 25.Rf1 Qxb2 26.Qf2 Qxa2 27.Qh4 Kg7 28.c4 Qd2 29.Rf3
Qd1+ 30.Bf1 a5 31.Rd3 Qe1 32.Qxe1 Rxe1 33.c5 Bf4 34.Kf2 Rb1 35.d5 cxd5 36.Rxd5
a4 37.Bd3 Rb4 38.g3 Bc1 39.Rd7+ Kf6 40.Rd6+ Ke5 41.Rd8 a3

[Event "Staatsliga B - Ost 2002/03"]
[Site "Stockerau, Alte Au - Blaolilheim"]
[Date "2003.03.08"]
[Round "10"]
[Board "6"]
[White "Franzen, Jozef"]
[Black "Wutzlhofer, Robert"]
[Result "1-0"]
[WhiteElo "2293"]
[BlackElo "2134"]
[PlyCount "65"]

1.c4 Nf6 2.g3 g6 3.b3 Bg7 4.Bb2 O-O 5.Bg2 d6 6.d4 c6 7.Nf3 Bg4 8.O-O Qc7 9.Re1
Na6 10.Nbd2 Bxf3 11.Nxf3 d5 12.Ne5 Qd8 13.Qd2 e6 14.Rad1 Nd7 15.Nd3 f5 16.f3 Nb6
17.Nf4 Re8 18.Qc1 Nc7 19.e4 Qd7 20.Qc2 Rad8 21.a4 Qf7 22.a5 Nc8 23.Nd3 dxe4
24.fxe4 Bxd4+ 25.Bxd4 Rxd4 26.Ne5 Rxd1 27.Nxf7 Rxe1+ 28.Kf2 Ra1 29.Nh6+ Kg7
30.Qb2+ Kxh6 31.Qxa1 fxe4 32.Qf6 Nd6 33.Qf4+

[Event "Staatsliga B - Ost 2002/03"]
[Site "Stockerau, Alte Au - Blabolilheim"]
[Date "2002.03.09"]
[Round "11"]
[Board "1"]
[White "Balinov, Ilija"]
[Black "Berkes, Ferenc"]
[Result "0-1"]
[WhiteElo "2444"]
[BlackElo "2545"]
[PlyCount "60"]

1.c4 e5 2.Nc3 Nf6 3.e3 Nc6 4.a3 d6 5.g3 h5 6.Nf3 h4 7.Nxh4 e4 8.f4 Be7 9.Qc2 Be6
10.d4 exd3 11.Bxd3 Nh5 12.Qf2 Bxh4 13.gxh4 Na5 14.Nd5 c6 15.f5 Bxd5 16.cxd5 Nb3
17.Rb1 Qa5+ 18.Ke2 Qxd5 19.Qf3 Qe5 20.Qe4 Qxe4 21.Bxe4 Nf6 22.Bc2 Nxc1+ 23.Rbxc1
Rxh4 24.Rcg1 Kf8 25.Rg2 Re8 26.Rhg1 Rh3 27.Rxg7 Rexe3+ 28.Kd2 d5 29.R1g2 d4
30.R7g5 d3

[Event "Staatsliga B - Ost 2002/03"]
[Site "Stockerau, Alte Au - Blabolilheim"]
[Date "2002.03.09"]
[Round "11"]
[Board "2"]
[White "Volkmann, Friedrich"]
[Black "Miniboeck, Guenter"]
[Result "1-0"]
[WhiteElo "2434"]
[BlackElo "2335"]
[PlyCount "87"]

1.e4 c5 2.Nf3 d6 3.d4 cxd4 4.Nxd4 Nf6 5.Nc3 a6 6.Be2 e5 7.Nb3 Be7 8.O-O O-O
9.Kh1 b6 10.f3 Bb7 11.a4 Nbd7 12.Be3 Rc8 13.Rf2 Rc7 14.Bf1 Qa8 15.Rd2 h6 16.Nc1
Rxc3 17.bxc3 d5 18.Nb3 Rc8 19.exd5 Nxd5 20.Rd3 N7f6 21.Qe1 e4 22.fxe4 Nxe3
23.Qxe3 Bxe4 24.Qxb6 Bxd3 25.Bxd3 Rc6 26.Qe3 Re6 27.Qf3 Qxf3 28.gxf3 Nd5 29.c4
Nf4 30.Be4 Re5 31.a5 Bc5 32.Ra4 Be7 33.Kg1 Kf8 34.Kf2 f5 35.Bd3 Bh4+ 36.Kg1 Be7
37.c5 Nxd3 38.cxd3 Bxc5+ 39.d4 Re2 40.dxc5 Rc2 41.Nd4 Rd2 42.c6 Ke7 43.Rc4 Kd8
44.Nxf5

[Event "Staatsliga B - Ost 2002/03"]
[Site "Stockerau, Alte Au - Blabolilheim"]
[Date "2002.03.09"]
[Round "11"]
[Board "3"]
[White "Brandner, Stefan"]
[Black "Lukacs, Peter"]
[Result "0-1"]
[WhiteElo "2300"]
[BlackElo "2420"]
[PlyCount "90"]

1.d4 Nf6 2.Nc3 d5 3.Bg5 Nbd7 4.e3 e6 5.f4 c5 6.Nf3 Qa5 7.Bxf6 gxf6 8.Be2 cxd4
9.exd4 Ba3 10.Qc1 Nb6 11.O-O Qxc3 12.bxa3 f5 13.Rb1 Bd7 14.Rb3 Qc7 15.Ne5 Ba4
16.Rg3 O-O-O 17.Rff3 Kb8 18.Rc3 Qe7 19.Rg7 Be8 20.Rcg3 Nc8 21.Qb2 Nd6 22.Qb4 Qc7
23.Bd3 Rc8 24.Rh3 h5 25.Ng6 Rh6 26.Ne5 a5 27.Qb2 Ka7 28.Rg8 f6 29.Nf3 Qh7
30.Rhg3 Rc7 31.Nh4 Qd7 32.Qc1 Bf7 33.R8g7 Ne8 34.Rxf7 Qxf7 35.Qe1 Nd6 36.Qxa5+
Kb8 37.Qb6 Nc8 38.Qb4 Rh8 39.Re3 Rd8 40.Qe1 Rd6 41.a4 Nb6 42.Qb4 Rdc6 43.a5 Nc4
44.Rg3 Ka7 45.Rg6 Ne3

[Event "Staatsliga B - Ost 2002/03"]
[Site "Stockerau, Alte Au - Blabolilheim"]
[Date "2002.03.09"]
[Round "11"]
[Board "4"]
[White "Neulinger, Manfred"]
[Black "Rudolf, Herbert"]
[Result "1-0"]
[WhiteElo "2384"]
[BlackElo "2228"]
[PlyCount "79"]

1.e4 e5 2.Nf3 Nf6 3.Nxe5 d6 4.Nf3 Nxe4 5.Bd3 Nf6 6.O-O Bg4 7.h3 Bh5 8.Re1+ Be7
9.b3 O-O 10.Bb2 Nc6 11.Bf1 Nd7 12.d4 Bf6 13.g4 Bg6 14.Nc3 Nb4 15.Rc1 c5 16.a3
cxd4 17.Nb5 Na2 18.Ra1 Nc3 19.Qd2 Ne4 20.Qc1 Qb6 21.Bxd4 Bxd4 22.Nbxd4 Rac8
23.Qf4 d5 24.c4 Ndf6 25.Re3 dxc4 26.Bxc4 Nd6 27.Ne5 Nxc4 28.Nxc4 Qc5 29.Re5 Nd5
30.Qd2 Rfd8 31.Rae1 h5 32.gxh5 Bh7 33.h6 gxh6 34.Nf5 Bxf5 35.Rxf5 Qc6 36.Ne5 Qe6
37.Ng4 Qg6 38.Rxd5 Rxd5 39.Qxd5 h5 40.Qxh5

[Event "Staatsliga B - Ost 2002/03"]
[Site "Stockerau, Alte Au - Blabolilheim"]
[Date "2002.03.09"]
[Round "11"]
[Board "5"]
[White "Herndlbauer, Martin"]
[Black "Schroll, Gerhard"]
[Result "0-1"]
[WhiteElo "2162"]
[BlackElo "2381"]
[PlyCount "66"]

1.e4 Nf6 2.e5 Nd5 3.c4 Nb6 4.d4 d6 5.exd6 cxd6 6.Nc3 g6 7.Be3 Bg7 8.Rc1 O-O 9.b3
e5 10.dxe5 dxe5 11.Qxd8 Rxd8 12.Nb5 Nc6 13.Nxa7 Nd4 14.Nxc8 Nxc8 15.Bxd4 exd4
16.a4 d3 17.Nf3 Ra6 18.g3 Rf6 19.Nd2 Re6+ 20.Kd1 Bb2 21.Bh3 Re2 22.Bg4 Bxc1
23.Bxe2 Bxd2 24.Bf3 Bb4 25.Bxb7 Nd6 26.Bc6 Rc8 27.Bd5 Re8 28.c5 Ne4 29.Kc1 Nxf2
30.c6 Nxh1 31.Bxh1 Re1+ 32.Kb2 Rxh1 33.c7 Rxh2+

[Event "Staatsliga B - Ost 2002/03"]
[Site "Stockerau, Alte Au - Blabolilheim"]
[Date "2002.03.09"]
[Round "11"]
[Board "6"]
[White "Posch, Werner"]
[Black "Bandy, Attila"]
[Result "1/2-1/2"]
[WhiteElo "2290"]
[BlackElo "2208"]
[PlyCount "130"]

1.e4 d5 2.exd5 Qxd5 3.Nc3 Qa5 4.d4 c6 5.Nf3 Nf6 6.Bd2 Qc7 7.h3 Bf5 8.g4 Bg6
9.Bg2 Nbd7 10.Qe2 e6 11.O-O-O Bb4 12.Ne5 Nxe5 13.dxe5 Bxc3 14.Bxc3 Nd5 15.Bxd5
cxd5 16.Bb4 Rc8 17.Rd2 Qc4 18.Qxc4 Rxc4 19.c3 Re4 20.Bd6 Kd7 21.Rhd1 h5 22.Rd4
hxg4 23.hxg4 Rh2 24.Rxe4 Bxe4 25.Bc5 Kc6 26.Be3 a5 27.c4 Rh1 28.Rxh1 Bxh1 29.c5
d4 30.Bxd4 Kd5 31.Bc3 Kxc5 32.Bxa5 Kd5 33.f4 g5 34.Bd2 Bf3 35.fxg5 Kxe5 36.Kc2
Bxg4 37.Kd3 Kf5 38.a4 e5 39.b4 Bf3 40.a5 Bd5 41.b5 Be6 42.Be3 Bd5 43.Bd2 Ke6
44.Kc3 Kd6 45.Kb4 Bf3 46.a6 bxa6 47.bxa6 Ba8 48.Kc4 Bg2 49.a7 Ba8 50.Bb4+ Ke6
51.Kc5 Kf5 52.Bd2 f6 53.gxf6 Kxf6 54.Bc3 Kf5 55.Kd6 e4 56.Kc7 e3 57.Kb8 Bd5
58.a8=Q Bxa8 59.Kxa8 Ke4 60.Kb7 Kd3 61.Ba5 e2 62.Kc6 Kc2 63.Kd5 Kd1 64.Ke4 e1=Q+
65.Bxe1 Kxe1

[Event "Staatsliga B - Ost 2002/03"]
[Site "Stockerau, Alte Au - Blabolilheim"]
[Date "2002.03.09"]
[Round "11"]
[Board "1"]
[White "Staudner, Oliver"]
[Black "Pingitzer, Harald"]
[Result "1-0"]
[WhiteElo "2360"]
[BlackElo "2372"]
[PlyCount "79"]

1.e4 c6 2.d4 d5 3.e5 Na6 4.c3 Nc7 5.Bd3 g6 6.Ne2 h5 7.Nd2 Nh6 8.Nf1 Bg7 9.Ne3
Be6 10.Nf4 Qd7 11.h3 O-O-O 12.b4 h4 13.O-O Kb8 14.a4 g5 15.Nxe6 Qxe6 16.Qf3 f6
17.Nf5 Rdg8 18.Nxh6 Bxh6 19.Bf5 Qf7 20.Bg4 Rf8 21.exf6 exf6 22.Bf5 Ne8 23.b5 Nd6
24.bxc6 bxc6 25.Ba3 Qc7 26.Rab1+ Ka8 27.Bd3 Bg7 28.c4 dxc4 29.Bxd6 Qxd6 30.Bxc4
Rc8 31.d5 Rhd8 32.Ba6 Rc7 33.dxc6 Qc5 34.Bb7+ Kb8 35.Rfd1 Rxd1+ 36.Qxd1 Qf8
37.Ba6+ Ka8 38.Bb7+ Kb8 39.Qb3 f5 40.Bc8+

[Event "Staatsliga B - Ost 2002/03"]
[Site "Stockerau, Alte Au - Blabolilheim"]
[Date "2002.03.09"]
[Round "11"]
[Board "2"]
[White "Kummer, Helmut"]
[Black "Plachetka, Jan"]
[Result "1/2-1/2"]
[WhiteElo "2341"]
[BlackElo "2451"]
[PlyCount "34"]

1.d4 Nf6 2.c4 e6 3.Nf3 d5 4.Nc3 Be7 5.Bg5 Nbd7 6.e3 O-O 7.Rc1 a6 8.c5 c6 9.Bd3
b6 10.cxb6 c5 11.O-O c4 12.Be2 Qxb6 13.b3 cxb3 14.Rb1 Qa5 15.Rxb3 Bb4 16.Qd3 h6
17.Bh4 Ra7

[Event "Staatsliga B - Ost 2002/03"]
[Site "Stockerau, Alte Au - Blabolilheim"]
[Date "2002.03.09"]
[Round "11"]
[Board "3"]
[White "Pokorna, Regina"]
[Black "Schneider-Zinner, Harald"]
[Result "1/2-1/2"]
[WhiteElo "2375"]
[BlackElo "2353"]
[PlyCount "46"]

1.e4 e6 2.d4 d5 3.Nd2 c5 4.exd5 exd5 5.Ngf3 Nf6 6.Be2 Nc6 7.O-O Be7 8.dxc5 Bxc5
9.Nb3 Bb6 10.c3 O-O 11.Bg5 Re8 12.h4 h6 13.Nfd4 Nxd4 14.Nxd4 Bxd4 15.cxd4 Qb6
16.Bxf6 Qxf6 17.Bf3 Qb6 18.Bxd5 Be6 19.Bxe6 Rxe6 20.Qf3 Rd8 21.d5 Red6 22.Rad1
Qxb2 23.Rb1 Qxa2

[Event "Staatsliga B - Ost 2002/03"]
[Site "Stockerau, Alte Au - Blabolilheim"]
[Date "2002.03.09"]
[Round "11"]
[Board "4"]
[White "Holzer, Gerhard"]
[Black "Vokroj, Rene"]
[Result "1-0"]
[WhiteElo "2236"]
[BlackElo "2287"]
[PlyCount "50"]

1.e4 Nc6 2.Nc3 e5 3.Nf3 Nf6 4.a3 Be7 5.d4 d6 6.Bb5 exd4 7.Nxd4 Bd7 8.O-O Nxd4
9.Qxd4 Bxb5 10.Nxb5 O-O 11.c4 Nd7 12.Be3 Nc5 13.Rad1 Bf6 14.e5 Ne6 15.Qg4 Bxe5
16.f4 f5 17.Qf3 Bxb2 18.Rf2 Bf6 19.Qxb7 a6 20.Na7 Kh8 21.Re2 Re8 22.Qf3 c5
23.Nc6 Qb6 24.Red2 Rac8 25.Rxd6 Nd4 {50 Zuege}

[Event "Staatsliga B - Ost 2002/03"]
[Site "Stockerau, Alte Au - Blabolilheim"]
[Date "2002.03.09"]
[Round "11"]
[Board "5"]
[White "Schumi, Manfred"]
[Black "Schwab, Rene"]
[Result "1/2-1/2"]
[WhiteElo "2217"]
[BlackElo "2227"]
[PlyCount "87"]

1.e4 c6 2.d4 d5 3.exd5 cxd5 4.c4 Nf6 5.Nc3 g6 6.cxd5 Bg7 7.Bb5+ Nbd7 8.d6 e6
9.Nf3 O-O 10.O-O Nb6 11.Bg5 Qxd6 12.Bxf6 Bxf6 13.Ne4 Qe7 14.Nxf6+ Qxf6 15.Rc1
Rd8 16.Bd3 Bd7 17.Be4 Bb5 18.Re1 Rd7 19.Ne5 Re7 20.Rc5 Be8 21.Qc1 Rd8 22.Nf3
Red7 23.Rc7 Qe7 24.Rxd7 Rxd7 25.Qh6 f6 26.Bc2 Rd6 27.Bb3 Bc6 28.Nd2 Bd5 29.Ne4
Rc6 30.Nc3 Bxb3 31.axb3 Qb4 32.h4 Qf8 33.Qf4 Kg7 34.Re3 Qf7 35.Qe4 Qd7 36.h5 Qf7
37.hxg6 hxg6 38.Rh3 Qg8 39.Qe3 Kf7 40.Qe4 Qg7 41.Qf4 Nd7 42.Qh2 Kg8 43.Qf4 Nf8
44.d5

[Event "Staatsliga B - Ost 2002/03"]
[Site "Stockerau, Alte Au - Blabolilheim"]
[Date "2002.03.09"]
[Round "11"]
[Board "6"]
[White "Seidl, Reinhard"]
[Black "Rogetzer, Klaus"]
[Result "1-0"]
[WhiteElo "2039"]
[BlackElo "2135"]
[PlyCount "157"]

1.e4 d6 2.d4 Nf6 3.Nc3 g6 4.f3 c6 5.Be3 Nbd7 6.Qd2 b5 7.O-O-O Nb6 8.g4 h5 9.g5
Nfd7 10.f4 Bb7 11.b3 b4 12.Nce2 a5 13.Bg2 Qc7 14.f5 gxf5 15.exf5 c5 16.Nf4 c4
17.g6 O-O-O 18.Nf3 cxb3 19.axb3 Nd5 20.Ng5 Nxe3 21.Bxb7+ Kxb7 22.Qxe3 Rc8
23.Qe4+ Kb8 24.Nxf7 a4 25.Qd3 axb3 26.Qxb3 Qa5 27.Nd5 Qa1+ 28.Qb1 Qa3+ 29.Kd2
Rc4 30.Qb3 Rxd4+ 31.Ke3 Qxb3+ 32.cxb3 Rxd1 33.Rxd1 Rg8 34.Nxb4 Nc5 35.Rb1 e6
36.Rg1 exf5 37.Kf4 Kc8 38.Nd5 Rg7 39.Kxf5 Nxb3 40.Re1 Nd4+ 41.Kf6 Kd7 42.Rc1 Nc6
43.Nf4 Rg8 44.Nd5 Bg7+ 45.Kg5 Rb8 46.Nf6+ Kc7 47.Nxh5 Rb5+ 48.Kg4 Rb4+ 49.Kh3
Rb3+ 50.Kg2 Rb2+ 51.Kh1 Bd4 52.g7 Rb8 53.Nh6 Be3 54.Rxc6+ Kxc6 55.g8=Q Rxg8
56.Nxg8 Bg5 57.Kg2 Kd5 58.Ngf6+ Ke5 59.Ng4+ Kf5 60.Kf3 Bh4 61.Nf4 Bd8 62.Ne3+
Ke5 63.Nc4+ Kf6 64.Nxd6 Ke7 65.Ne4 Kf7 66.Kg4 Be7 67.Ng5+ Kg8 68.h4 Ba3 69.h5
Kg7 70.Nf3 Kh6 71.Nd4 Bc1 72.Nf5+ Kh7 73.Ne6 Ba3 74.Ng5+ Kh8 75.h6 Bc1 76.Kh5
Bb2 77.Kg6 Kg8 78.h7+ Kf8 79.Ne6+

[Event "Staatsliga B - Ost 2002/03"]
[Site "Stockerau, Alte Au - Blabolilheim"]
[Date "2002.03.09"]
[Round "11"]
[Board "1"]
[White "Varga, Zoltan"]
[Black "Likavsky, Tomas"]
[Result "1-0"]
[WhiteElo "2533"]
[BlackElo "2465"]
[PlyCount "77"]

1.d4 Nf6 2.c4 e6 3.Nf3 d5 4.Nc3 Nbd7 5.Bf4 dxc4 6.e3 Nd5 7.Bxc4 Nxf4 8.exf4 Be7
9.Qe2 O-O 10.O-O a6 11.Rfe1 Bf6 12.Bb3 Nb6 13.Ne4 Bd7 14.Ne5 Qe7 15.Rac1 Bxe5
16.dxe5 Bc6 17.Bc2 Rfd8 18.Bb1 Qh4 19.g3 Qh3 20.Rxc6 bxc6 21.Ng5 Qh6 22.Bxh7+
Kf8 23.Qc2 Nd5 24.Be4 Rab8 25.Qxc6 Rxb2 26.Bxd5 Rxd5 27.Qxc7 Qh5 28.Qc8+ Ke7
29.Qxa6 Rdd2 30.Qa7+ Kf8 31.Qa8+ Ke7 32.Ne4 Rdc2 33.Qa7+ Kf8 34.Qa3+ Kg8 35.Qa8+
Kh7 36.Ng5+ Kh6 37.Qg8 Kg6 38.Qxf7+ Kh6 39.Qg8

[Event "Staatsliga B - Ost 2002/03"]
[Site "Stockerau, Alte Au - Blabolilheim"]
[Date "2002.03.09"]
[Round "11"]
[Board "2"]
[White "Plank, Franz"]
[Black "Schweda, Roland"]
[Result "0-1"]
[WhiteElo "2256"]
[BlackElo "2354"]
[PlyCount "116"]

1.d4 Nf6 2.Nc3 d5 3.Bg5 Nbd7 4.Qd3 e6 5.e4 dxe4 6.Nxe4 Be7 7.Nxf6+ Nxf6 8.Nf3
O-O 9.Be2 c5 10.O-O Qc7 11.dxc5 Qxc5 12.Qc4 b6 13.Rad1 Bb7 14.Qxc5 Bxc5 15.Ne5
Ne4 16.Be3 Bxe3 17.fxe3 f6 18.Nd3 Rac8 19.c3 Rc7 20.Nf4 Kf7 21.Bc4 Re8 22.Bb5
Ree7 23.Rd8 g5 24.Nd3 Kg7 25.Rd1 a6 26.Ba4 b5 27.Bb3 h5 28.a4 Bc6 29.Nb4 Nc5
30.Nxc6 Rxc6 31.axb5 axb5 32.Bc2 Rcc7 33.Rb8 Nb7 34.Be4 f5 35.Bxb7 Rxb7 36.Rdd8
Kf6 37.Kf2 Ke5 38.g3 Rec7 39.Ke2 b4 40.Kd3 bxc3 41.bxc3 Rd7+ 42.Ke2 Rdc7 43.Kd3
Rd7+ 44.Ke2 h4 45.gxh4 g4 46.Kf2 Rxb8 47.Rxd7 Rb2+ 48.Kg3 Rc2 49.Rc7 Re2 50.Rc5+
Kf6 51.c4 Rxe3+ 52.Kg2 Rh3 53.Rc8 Rxh4 54.c5 Rh3 55.c6 Rc3 56.c7 Ke5 57.Rh8 Rxc7
58.h3 Rc2+